தமிழா இந்தா உன் சொத்து

Saved in:
Bibliographic Details
Main Author: அழகு
Other Authors: azhaku
Format: Book
Published: இந்தியா
Edition:1st
Subjects:
Tags: Add Tag
No Tags, Be the first to tag this record!

MARC

LEADER 00000nam a22000007a 4500
999 |c 30676  |d 30676 
082 |a T-821  |b ALA 
100 |a அழகு  |9 75073 
245 |a தமிழா இந்தா உன் சொத்து 
246 |a TAMIZHA INTA UN COTTU 
250 |a 1st 
260 |a இந்தியா 
300 |a 821p  |b ill 
650 |a இலக்கியம்  |9 75074 
700 |a azhaku  |9 75075 
942 |c REF